| 000 | 00360 a2200157 4500 | ||
|---|---|---|---|
| 001 | 50117 | ||
| 040 | _cAnchieta - Bela Vista | ||
| 100 | _aAnchietinha Itaigara | ||
| 240 | 1 | 0 |
_aMundo da imaginação _lpor |
| 245 | 1 | 0 | _aMundo da imaginação |
| 300 | _a29 | ||
| 362 | 0 | _a2009 | |
| 440 | 1 | _aAnchietinha Itaigara | |
| 650 | 4 | _aLiteratura juvenil | |
| 942 | _cBK | ||
| 999 |
_c50117 _d50117 |
||